| 000 | 00898nam a2200277 c 4500 | ||
|---|---|---|---|
| 999 |
_c138990 _d138990 |
||
| 003 | BLK | ||
| 005 | 20230227172300.0 | ||
| 008 | 180409b bul|||||r ||||||| ||bul|| | ||
| 010 | _aKNG00144994000 | ||
| 040 | _aBLK | ||
| 041 |
_aBUL _cBUL |
||
| 080 |
_aБългарска литература _b821.163.2 _x-32 _z821.163.2-32 |
||
| 100 | 1 |
_aЦонев, Васил _eпърви автор _9249140 |
|
| 139 |
_aЦонев, Васил _bЦ 80 |
||
| 245 | 1 | 0 |
_aВесели измислици _bНовели _cВасил Цонев. |
| 257 | _aBGR | ||
| 260 |
_aСофия _bБълг. писател _c1980 |
||
| 300 |
_a144 с. _c20 см |
||
| 380 | _aX | ||
| 500 | _a15 113 тир. ; 2 113 екз. от тир. подв. | ||
| 852 | _aЦб 102345 | ||
| 856 | 4 |
_qpdf _i0.00 _ldisable |
|
| 856 | 4 |
_qpdf _i0.00 _ldisable |
|
| 942 |
_cKNG _n0 _s1 _01 |
||
| 944 |
_aCR _c29.10.2015 _kСимона_Петрова |
||
| 944 |
_aED _c12.09.2017 _kВася_Ганчева |
||
| 944 |
_aED _c2022-12-02 _kХристина Везирева |
||
| 999 | _d138990 | ||